000 00241nam a2200109Ia 4500
005 20251222141857.0
008 251222s9999||||xx |||||||||||||| ||spa||
082 _a382/C28
245 0 _aCódigo de Comercio
264 _bEl Carmen
942 _cLIB
999 _c7930
_d7930